| 000 | 00000nam##2200000za#4500 |
| 001 | 9.696722 |
| 003 | CaOODSP |
| 005 | 20250506145324 |
| 007 | cr ||||||||||| |
| 008 | 150407|1976||||xxc|||||o f|0| 0 eng|d |
| 040 | |aCaOODSP|beng |
| 043 | |an-cn--- |
| 086 | 1 |aA73-1508/1976E-PDF |
| 110 | 1 |aCanada.|bAgriculture Canada. |
| 245 | 10|aBulk potato storage / |h[electronic resource]|c[by] J. A. Roberts ... [et al.] ; originally produced by a sub-committee of the Atlantic Agricultural Engineering Committee. |
| 250 | |aRev. 1976, reprinted 1984 |
| 260 | |aOttawa - Ontario : |bAgriculture Canada |cc1981. |
| 300 | |a56p.|bfigs., graph, tables, photographs |
| 500 | |aPublication 1508. Incorrect catalogue number (A73-1508E) and ISBN (0-662-13435-4) copied in this PDF edition. |
| 590 | |a12-39-Supp|b2012-10-11 |
| 690 | 07|aPotatoes|2gcpds |
| 690 | 07|aStorage|2gcpds |
| 720 | 1 |aRoberts, J. A. |
| 856 | 40|ahttp://publications.gc.ca|qPDF|s3.06 MB|uhttps://publications.gc.ca/collections/collection_2012/agr/A73-1508-1976-eng.pdf |